Substitution of cotton seed cake by rubber seed cake in feeding of broilers (Record no. 47542)

MARC details
000 -LEADER
fixed length control field 00469nam a2200169Ia 4500
100 ## - MAIN ENTRY--AUTHOR NAME
Personal name Endeley H N L
245 #0 - TITLE STATEMENT
Title Substitution of cotton seed cake by rubber seed cake in feeding of broilers
650 ## - SUBJECT ADDED ENTRY--TOPICAL TERM
Topical Term Animal nutrition
650 ## - SUBJECT ADDED ENTRY--TOPICAL TERM
Topical Term Broiler chicken
650 ## - SUBJECT ADDED ENTRY--TOPICAL TERM
Topical Term Cotton seed cake
650 ## - SUBJECT ADDED ENTRY--TOPICAL TERM
Topical Term Oil seed cakes
650 ## - SUBJECT ADDED ENTRY--TOPICAL TERM
Topical Term Rubber seed cake
700 ## - ADDED ENTRY--PERSONAL NAME
Personal name Tchouken M D
700 ## - ADDED ENTRY--PERSONAL NAME
Personal name Tchoumboue J
942 ## - ADDED ENTRY ELEMENTS (KOHA)
Koha item type Bibliography RLSE
Holdings
Withdrawn status Lost status Damaged status Not for loan Home library Current library Date acquired Koha item type
      Bibliography RRII Library RRII Library 31/12/2021 Bibliography RLSE